Rituales de los ultras del fútbol /
El artículo se centra en el análisis de la actuación del los grupos de hinchas jóvenes, autodenominados ultras y su interpretación en referencia a su propio contexto normativo. De acuerdo a dicho análisis, el autor los califica como una subcultura juvenil y sus actuaciones son rituales seculares, en...
সংরক্ষণ করুন:
| প্রধান লেখক: | |
|---|---|
| বিন্যাস: | পাঠ্য |
| বিষয়গুলি: | |
| ট্যাগগুলো: |
ট্যাগ যুক্ত করুন
কোনো ট্যাগ নেই, প্রথমজন হিসাবে ট্যাগ করুন!
|
MARC
| LEADER | 00000 a a2200000 04500 | ||
|---|---|---|---|
| 001 | 18299 | ||
| 003 | |||
| 040 | |||
| 100 | |a Bayona Aznar, Bernardo | ||
| 245 | |a Rituales de los ultras del fútbol / |c Bernardo Bayona Aznar | ||
| 520 | |a El artículo se centra en el análisis de la actuación del los grupos de hinchas jóvenes, autodenominados ultras y su interpretación en referencia a su propio contexto normativo. De acuerdo a dicho análisis, el autor los califica como una subcultura juvenil y sus actuaciones son rituales seculares, en los que la violencia exhibida cumple una función en gran medida simbólica. DOC/LCL | ||
| 650 | |a JUVENTUD | ||
| 650 | |a DEPORTES | ||
| 650 | |a VIOLENCIA | ||
| 650 | |a CULTURA | ||
| 650 | |a COMPORTAMIENTO SOCIAL | ||
| 650 | |a ASPECTOS PSICOLOGICOS | ||
| 773 | |g número 15; páginas 275-298 | ||
| 999 | |c 31724 |d 31724 | ||
